First Word Western Movies Quiz Stats

 Plays Quiz Updated Apr 20, 2020

     
Support Sporcle.
Go Orange.
Score 0/30 Timer 04:00
1 Play Today
First Word % Correct
Back
97.5%
Once
96.8%
Wild
96.1%
Butch
95.9%
True
95.5%
No
95.3%
High
94.7%
Dances
94.4%
How
93.8%
Blazing
93.5%
City
93.3%
My
93.2%
She
90.6%
Cowboys
90.2%
They
89.6%
First Word % Correct
For
89.1%
Django
88.9%
Don't
84.1%
Hang
82.9%
Brokeback
77.1%
Rio
76.1%
Rooster
75.1%
Little
72.9%
Gunfight
72.1%
3:10
71.4%
Young
67.8%
Bad
56.8%
Open
46.7%
Duck,
20.5%
Dead
9%

From the Vault

James Bond Geography

by PumpkinBomb

If you do poorly on this quiz, all we can offer you is a Quantum of Solace.
Remove Ads.
Support Sporcle.
Get the best of Sporcle when you Go Orange. This ad-free experience offers more features, more stats, and more fun while also helping to support Sporcle. Thank you for becoming a member.

Show Comments

Extras

Top Quizzes Today


Score Distribution

Your Account Isn't Verified!

In order to create a playlist on Sporcle, you need to verify the email address you used during registration. Go to your Sporcle Settings to finish the process.

Report this User

Report this user for behavior that violates our Community Guidelines.

Details: